000 00376pab a2200169 454500
008 180718b2011 xxu||||| |||| 00| 0 eng d
100 _aChatterjee, Atonu
245 _aWomen in panchayats: A review
260 _c2011
300 _ap.24-27.
362 _aFeb
650 _aPanchayat
650 _aWomen in politics
773 _aYojana
908 _aN
909 _a90650
999 _c90650
_d90650